<?xml version="1.0" encoding="UTF-8"?><?xml-stylesheet type="text/xsl" href="static/style.xsl"?><OAI-PMH xmlns="http://www.openarchives.org/OAI/2.0/" xmlns:xsi="http://www.w3.org/2001/XMLSchema-instance" xsi:schemaLocation="http://www.openarchives.org/OAI/2.0/ http://www.openarchives.org/OAI/2.0/OAI-PMH.xsd"><responseDate>2026-04-17T13:08:15Z</responseDate><request verb="GetRecord" identifier="oai:www.recercat.cat:2117/86498" metadataPrefix="marc">https://recercat.cat/oai/request</request><GetRecord><record><header><identifier>oai:recercat.cat:2117/86498</identifier><datestamp>2025-07-23T01:34:45Z</datestamp><setSpec>com_2072_1033</setSpec><setSpec>col_2072_452951</setSpec></header><metadata><record xmlns="http://www.loc.gov/MARC21/slim" xmlns:dcterms="http://purl.org/dc/terms/" xmlns:xsi="http://www.w3.org/2001/XMLSchema-instance" xmlns:doc="http://www.lyncode.com/xoai" xsi:schemaLocation="http://www.loc.gov/MARC21/slim http://www.loc.gov/standards/marcxml/schema/MARC21slim.xsd">
   <leader>00925njm 22002777a 4500</leader>
   <datafield ind2=" " ind1=" " tag="042">
      <subfield code="a">dc</subfield>
   </datafield>
   <datafield ind2=" " ind1=" " tag="720">
      <subfield code="a">Prieto Rábano, Carlos - A.</subfield>
      <subfield code="e">author</subfield>
   </datafield>
   <datafield ind2=" " ind1=" " tag="260">
      <subfield code="c">2015-11</subfield>
   </datafield>
   <datafield ind2=" " ind1=" " tag="520">
      <subfield code="a">El origen del proyecto se sitúa en una oferta de trabajos académicos relacionados con la&#xd;
generación polienergética en microredes con energías renovables, del Cepima de la UPC.&#xd;
El proyecto representa la continuación de trabajos anteriores en el campo de la&#xd;
optimización de las microredes con energías renovables.&#xd;
Uno de los retos de la sociedad actual, es la incorporación de las energías renovables a&#xd;
mucha mayor escala que la actual, además del ahorro de recursos y la eficiencia&#xd;
energética.&#xd;
Se ha elaborado un nuevo modelo general de optimización, de tipo Programa Lineal Entero&#xd;
Mixto (normalmente conocido como MILP, su acrónimo en inglés) para microredes con&#xd;
energías renovables. El modelo amplía las posibilidades de uso del precedente y,&#xd;
asimismo, espera ser ampliado y mejorado en el futuro. Hay múltiples opciones para tal&#xd;
objetivo.&#xd;
El modelo se ha implementado en el software de optimización AIMMS, utilizando tambien&#xd;
Excel y Access. Con Excel se ha realizado el tratamiento de los datos para su importación&#xd;
desde Access, y posterior lectura desde AIMMS. Cplex ha sido el solver utilizado para su&#xd;
resolución.&#xd;
La herramienta es flexible y modular, fácilmente ampliable o modificable por partes, y el&#xd;
modelo general desarrollado opera con los modelos específicos previamente existentes de&#xd;
distintos elementos de la microred.</subfield>
   </datafield>
   <datafield tag="653" ind2=" " ind1=" ">
      <subfield code="a">Àrees temàtiques de la UPC::Energies::Recursos energètics renovables</subfield>
   </datafield>
   <datafield tag="653" ind2=" " ind1=" ">
      <subfield code="a">Àrees temàtiques de la UPC::Matemàtiques i estadística::Investigació operativa::Programació matemàtica</subfield>
   </datafield>
   <datafield tag="653" ind2=" " ind1=" ">
      <subfield code="a">Renewable energy sources</subfield>
   </datafield>
   <datafield tag="653" ind2=" " ind1=" ">
      <subfield code="a">Electric networks</subfield>
   </datafield>
   <datafield tag="653" ind2=" " ind1=" ">
      <subfield code="a">Programming (Mathematics)</subfield>
   </datafield>
   <datafield tag="653" ind2=" " ind1=" ">
      <subfield code="a">Energies renovables</subfield>
   </datafield>
   <datafield tag="653" ind2=" " ind1=" ">
      <subfield code="a">Xarxes elèctriques</subfield>
   </datafield>
   <datafield tag="653" ind2=" " ind1=" ">
      <subfield code="a">Programació (Matemàtica)</subfield>
   </datafield>
   <datafield ind2="0" ind1="0" tag="245">
      <subfield code="a">Aportaciones al desarrollo de herramientas para la optimización del dimensionamiento de microredes con Energías Renovables</subfield>
   </datafield>
</record></metadata></record></GetRecord></OAI-PMH>